00267nam a2200109Ia 4500008004100000100001800041245003300059250000800092260003100100300000800131650001800139191201s2004 xx 000 0 und d aHenry, Walter 0aLocus Illustrated Dictionary a1st aN.DelhibLotus Pressc2004 a192 aGeneral Books